| 000 | 07391nam a22006377a 4500 | ||
|---|---|---|---|
| 008 | 090120t xxu||||| |||| 00| 0 eng d | ||
| 010 | _aB-332029-060 | ||
| 020 |
_c120.00 _a9788183852579 |
||
| 020 | _a8183852572 | ||
| 035 | _aB-332029-060 | ||
| 037 | _bSuper Books | ||
| 040 |
_aDPL _bEnglish |
||
| 082 | _a363.34 | ||
| 100 | _aDiman, Snajay | ||
| 245 |
_aNatural Disasters / _cby Sanjay Dhiman ; edited by Eman Chowdhary |
||
| 260 |
_aNoida _bBrijbasi Art Press Ltd. _c2006 |
||
| 270 |
_aA-81, Sector V, _bNoida _e201 301 |
||
| 300 |
_a46p. _c29cm. (Hb) _bill. |
||
| 490 | _aHow Nature Works Series | ||
| 650 | _aDisasters | ||
| 700 | _aChowdhary, Eman | ||
| 942 |
_2ddc _cCH _h363.34 _mDHI |
||
| 999 |
_c22204 _d22204 |
||